000
00309 a2200145 4500
001
173604
020
_a
040
_c
Magnum
100
_a
Almeida, Gercilga de
240
1
0
_a
Khepra os olhos do ceu
_l
por
245
1
0
_a
Khepra os olhos do ceu
362
0
_a
1899
697
_a
IJ/PARADIDATICO
942
_c
BK
999
_c
173604
_d
173604